书目信息 |
| 题名: |
纪念马克思逝世一百周年论文集
|
|
| 作者: | ;青海省社会科学院 编 | |
| 分册: | ||
| 出版信息: | 西宁 青海人民出版社 1983 |
|
| 页数: | 358页 | |
| 开本: | 21cm | |
| 丛书名: | ||
| 单 册: | ||
| 中图分类: | D641 | |
| 科图分类: | ||
| 主题词: | 马克思列宁主义、毛泽东思想--学习 , 马克思列宁主义、毛泽东思想--应用 | |
| 电子资源: | ||
| ISBN: | ||
| 000 | 00785nam0 2200253 45 | |
| 001 | 0183005933 | |
| 005 | 20060511162619.64 | |
| 010 | @dCNY1.10 | |
| 091 | @a3097.860 | |
| 100 | @a19950427d1983 emky0chiy0121 ea | |
| 101 | 0 | @achi |
| 102 | @aCN@b640000 | |
| 105 | @ay z 010yy | |
| 200 | 10 | @a纪念马克思逝世一百周年论文集@Aji nian ma ke si shi shi yi bai zhou nian lun wen ji@e1818-1883@f青海省社会科学院编@FQing Hai Sheng She Hui Ke Xue Yuan Bian |
| 210 | @a西宁@c青海人民出版社@d1983 | |
| 215 | @a358页@d21cm | |
| 517 | 1 | @a1818-1883 |
| 606 | @a马克思列宁主义、毛泽东思想@x学习 | |
| 606 | 0 | @a马克思列宁主义、毛泽东思想@x应用 |
| 690 | @aD641@v3 | |
| 711 | 02 | @a青海省社会科学院@4编 |
| 801 | 2 | @aCN@bNLC@c20060511 |
| 801 | 0 | @aCN@b上海图书馆@c20040423 |
| 905 | @dD641@e48 | |
| 纪念马克思逝世一百周年论文集:1818-1883/青海省社会科学院编.-西宁:青海人民出版社,1983 |
| 358页;21cm |
| ISBN :CNY1.10 |
| ● |
| 相关链接 |
|
|
|
|
正题名:纪念马克思逝世一百周年论文集
索取号:D641/48
 
预约/预借
| 序号 | 登录号 | 条形码 | 馆藏地/架位号 | 状态 | 备注 |
| 1 | 0174954 | 202324172 | 密集书库/ [索取号:D641/48] | 在馆 | |
| 2 | 0174955 | 000374320 | 密集书库/ [索取号:D641/48] | 在馆 | |
| 3 | 0174956 | 000374302 | 第一样本阅览室/ [索取号:D641/48] | 在馆 |